Making war and waging peace : foreign intervention in Africa (Record no. 49767)

MARC details
000 -LEADER
fixed length control field 00767nam a2200193 a 4500
008 - FIXED-LENGTH DATA ELEMENTS--GENERAL INFORMATION
fixed length control field 060424s1993 ||||||||||||||||| || u
020 ## - INTERNATIONAL STANDARD BOOK NUMBER
International Standard Book Number 1878379291
020 ## - INTERNATIONAL STANDARD BOOK NUMBER
International Standard Book Number 1878379283
050 ## - LIBRARY OF CONGRESS CALL NUMBER
Classification number DT 30.5 Mak
100 ## - MAIN ENTRY--PERSONAL NAME
Personal name Smock, David R
245 10 - TITLE STATEMENT
Title Making war and waging peace : foreign intervention in Africa
Statement of responsibility, etc. edited by David R. Smock
260 ## - PUBLICATION, DISTRIBUTION, ETC.
Place of publication, distribution, etc. Washington, D.C. :
Name of publisher, distributor, etc. United States Institute of Peace Press
Date of publication, distribution, etc. 1993
300 ## - PHYSICAL DESCRIPTION
Extent vi, 290 p.
350 ## - PRICE (NR) (BK AM CF MU VM SE) [OBSOLETE]
Price 0.00
500 ## - GENERAL NOTE
General note Includes bibliographical references
650 #0 - SUBJECT ADDED ENTRY--TOPICAL TERM
Topical term or geographic name entry element AFRICA--POLITICS AND GOVERNMENT--1960
650 ## - SUBJECT ADDED ENTRY--TOPICAL TERM
Topical term or geographic name entry element AFRICA--FOREIGN RELATIONS--1960
995 ## - RECOMMENDATION 995 [LOCAL, UNIMARC FRANCE]
-- 0.00
-- CBU-MAIN LIBRARY (Kitwe)
-- 1
-- 19.75
-- AVAILABLE
-- Main Library Open Access Collection
Holdings
Withdrawn status Lost status Source of classification or shelving scheme Damaged status Not for loan Home library Current library Shelving location Date acquired Total Checkouts Full call number Barcode Date last seen Price effective from Koha item type
          CBU-MAIN LIBRARY, KITWE. CBU-MAIN LIBRARY, KITWE.   11/30/2022   DT 30.5 Mak 025702 11/30/2022 11/30/2022 MONOGRAPH